000 00953nam a22002897a 4500
001 7487
003 FISKH
005 20250721161325.0
008 250721b cb ||||| |||| 00| 0 eng d
020 _a9780531187913
040 _aFISKH
_beng
_cFISKH
_dFISKH
050 _aQK495.R78 W64
082 _a634.25
100 _aWeiss, Ellen
245 _aFrom pit to peach tree /
_cBy Ellen Weiss
260 _aNew York :
_bChildren's Press .
_c2008.
300 _a24 pages :
_bcolor illustrations ;
_c21 cm .
490 _aScholastic News Nonfiction Readers
505 _aD
520 _aFollows the lifecycle of a peach from pit to ripe fruit, and includes a word hunt, definitions, and a look at other fruits with pits.
521 8 _a160
_bLexile estimate
521 8 _aD
_bRaz-Plus
650 _aPeach
_vJuvenile Literature
650 _aPeach-Life cycles
_vJuvenile Literature
942 _2ddc
_cBK
_n0
999 _c7487
_d7487